000
00281pab a2200109 454500
008
180718b xxu||||| |||| 00| 0 eng d
100
_a
Rao, S.R.K
245
_a
What went wrong with the economic reforms
650
_a
Economic Development
773
_a
Financial Express
909
_a
24063
999
_c
24063
_d
24063